| 000 | 01012nas a2200337 4500 | ||
|---|---|---|---|
| 001 | BR2014003025 | ||
| 003 | BR-BrBNA | ||
| 005 | 20231205124015.0 | ||
| 007 | ta | ||
| 008 | 230509b bl.|||p| |||| 00| 00por d | ||
| 040 |
_aBR-BrBNA _bpor _cBiblioteca Nacional de Agricultura |
||
| 041 | _a(Pt) | ||
| 072 | _aL73 | ||
| 100 | 1 | _aMalcher, J.C.R. | |
| 100 | 1 | _aOliveira, E.L. de | |
| 100 | 1 | _aCastro, L.R.S. de | |
| 100 | 1 | _aSilva, P.B. da | |
| 100 | 1 | _aRamos, E.L.M. | |
| 100 | 1 | _aFernndes, J.I. | |
| 245 | 1 | _aEficácia do nim (Azadirachta indica)no tratamento de otite externa por Malassezia sp. em cães | |
| 650 | _aCÃO | ||
| 650 | _aOTITE | ||
| 650 | _aÓLEO | ||
| 650 | _aNIM | ||
| 650 | _aINSETICIDA DE ORIGEM VEGETAL | ||
| 650 | _aAZADIRACHTA INDICA | ||
| 650 | _aTRATAMENTO | ||
| 773 | 0 |
_tRevista Brasileira de Medicina Veterinária (Brazil) _xISSN 0100-2430 _g(Dec 2012), v. 34(supl. 1) p. 89-94 _wBR2014003025 |
|
| 909 |
_a202311 _bLúcia _c55 _dLúcia Elande |
||
| 942 |
_2AGRIS _n0 _cANA |
||
| 999 |
_c236872 _d236872 |
||